More Than 500 Goals - Sudden Death - Statistics

General Stats
  • This quiz has been taken 40 times
  • The average score is 5 of 13
Answers on the Grid
Answers color-coded by a green-red scale on the quiz's grid according to % correct below.
Pelé
Cristiano Ronaldo
Lionel Messi
Romário
Ferenc Puskás
Gerd Müller
Uwe Seeler
Zlatan Ibrahimović
Robert Lewandowski
Jimmy Greaves
Eusébio
Gabriel Batistuta
Tulio Maravilha
Raúl González
Thierry Henry
Alan Shearer
Luis Suárez
Neymar Jr.
David Villa
Fernando Torres
Roberto Baggio
Kenny Dalglish
Samuel Eto'o
Frank Lampard
 
Answer Stats
Answer % Correct
Cristiano Ronaldo
85%
Lionel Messi
73%
Pelé
73%
Robert Lewandowski
54%
Gerd Müller
46%
Zlatan Ibrahimović
42%
Ferenc Puskás
35%
Jimmy Greaves
23%
Romário
23%
Uwe Seeler
23%
Eusébio
19%
Gabriel Batistuta
12%
Tulio Maravilha
4%
No matching quizzes found
Score Distribution
Percent of People with Each Score
Percentile by Number Answered
Your Score History
You have not taken this quiz